banner-ar

الكتاب المقدس اى كتب العهد القديم والعهد الجديد وقد ترجم من اللغات الاصلية وهى العبرية والكلدانية واليونانية / (Record no. 51991)

MARC details
000 -الفاتح
حقل البيانات ثابتة الطول 00700nam a2200181Ia 4500
008 - عناصر البيانات ثابتة الطول - معلومات عامة
حقل البيانات ثابتة الطول 140319s9999 xx 000 0 ara d
040 ## - مصدر الفهرسة
وكالة الفهرسة الأصلية GCL /
وكالة النسخ GCL
082 04 - رقم تصنيف ديوى العشرى
رقم التصنيف 272.1
رقم المادة د ك
100 1# - المدخل الرئيسى - إسم شخصى
الإسم الشخصى دار الكتاب المقدس
245 10 - بيان العنوان
العنوان الكتاب المقدس اى كتب العهد القديم والعهد الجديد وقد ترجم من اللغات الاصلية وهى العبرية والكلدانية واليونانية /
بيان المسئوليه,etc دار الكتاب المقدس
300 ## - الوصف المادى
التعداد متعدد
490 ## - بيان السلسلة
عنوان السلسلة دار الكتاب المقدس
رقم المجلد/ التعيين التسلسلي 0
650 04 - المدخل الاضافى بالموضوع-مصطلح موضوعى
مصطلح موضوعي الانجيل
650 04 - المدخل الاضافى بالموضوع-مصطلح موضوعى
مصطلح موضوعي الكتب السماوية
650 04 - المدخل الاضافى بالموضوع-مصطلح موضوعى
مصطلح موضوعي الكتب القدس
942 ## - عناصر المدخل الإضافي( كوها)
مصدر التصنيف او مخطط الترفيف Dewey Decimal Classification
Koha [default] item type كتاب
Holdings
حالة التراجع حالة الفقد حالة تلف ليس للاعارة المكان المؤقت الموقع الحالى تاريخ الاكتساب اجمالي اﻻعارات رقم الطلب الباركود تاريخ اخر مشاهدة تاريخ تفعيل السعر نوع وعاء كوها
        مكتبة القاهرة الكبرى مكتبة القاهرة الكبرى 03/26/2014   272.1\د ك 124428 03/26/2014 03/26/2014 كتاب
        مكتبة القاهرة الكبرى مكتبة القاهرة الكبرى 03/26/2014   272.1\د ك 124429 03/26/2014 03/26/2014 كتاب
        مكتبة القاهرة الكبرى مكتبة القاهرة الكبرى 03/26/2014   272.1\د ك 124430 03/26/2014 03/26/2014 كتاب

Powered By

EGPV